000 00254nam a2200109Ia 4500
008 220204s9999 xx 000 0 und d
082 _a82-3
_bCLA
100 _aClavell, James
245 0 _aKing Rat
260 _aGreat Britain
_bCoronet
_c1983
942 _cBK
999 _c38728
_d38728